|
|
|
|
| LEADER |
01143nam a22002657a 4500 |
| 001 |
37902 |
| 003 |
BD-DhAAL |
| 005 |
20231009105622.0 |
| 008 |
220307t2016 bg ||||| |||| 001 0 eng d |
| 020 |
|
|
|a 9789849176237
|
| 040 |
|
|
|a BD-DhAAL
|
| 082 |
|
|
|a 352.14095492
|2 23
|
| 100 |
|
|
|a Ahmed, Tofail
|9 46489
|
| 245 |
|
|
|a Bangladesh :
|b reform agenda for local governance /
|c Tofail Ahmed; BRAC Institute of Governance and Development,
|
| 260 |
|
|
|a Dhaka, Bangladesh :
|b Prothoma Prokashan in association with BRAC Institute of Governance and Development (BIGD), BRAC University,
|c 2016.
|
| 300 |
|
|
|a 141 pages ;
|c 23 cm.
|
| 541 |
|
|
|a Donated by Akbar Ali Khan
|e 37902
|
| 650 |
|
|
|a Local government
|z Bangladesh.
|9 46490
|
| 650 |
|
|
|a Local government.
|9 46491
|
| 651 |
|
|
|a Bangladesh.
|9 46492
|
| 710 |
|
|
|a BRAC Institute of Governance and Development,
|9 46493
|
| 852 |
|
|
|a Ayesha Abed Library
|c Akbar Ali Khan Collection
|
| 942 |
|
|
|2 ddc
|c BK
|
| 999 |
|
|
|c 43681
|d 43681
|
| 952 |
|
|
|0 0
|1 0
|2 ddc
|4 0
|6 352_140954920000000_AHM
|7 1
|9 70016
|a BRACUL
|b BRACUL
|c AAKC
|d 2022-03-07
|e Donated by Akhbar Ali Khan
|l 0
|o 352.14095492 AHM
|p 3010037902
|r 2022-03-07
|t 1
|w 2022-03-07
|y BK
|